Statistics for Governors of the United States

Click here to take the quiz!

General Stats

  • This quiz has been taken 12 times
  • The average score is 25 of 50

Answer Stats

StatePartyGovernor% Correct
CaliforniaDemocraticGavin Newsom
100%
TexasRepublicanGreg Abbott
100%
FloridaRepublicanRon DeSantis
100%
AlabamaRepublicanKay Ivey
88%
South DakotaRepublicanKristi Noem
88%
VirginiaRepublicanGlenn Youngkin
75%
MichiganDemocraticGretchen Whitmer
75%
IllinoisDemocraticJ.B. Pritzker
75%
New YorkDemocraticKathy Hochul
75%
GeorgiaRepublicanBrian Kemp
63%
New HampshireRepublicanChris Sununu
63%
PennsylvaniaDemocraticJosh Shapiro
63%
OhioRepublicanMike DeWine
63%
VermontRepublicanPhil Scott
63%
ArkansasRepublicanSarah Huckabee Sanders
63%
KentuckyDemocraticAndy Beshear
50%
TennesseeRepublicanBill Lee
50%
North DakotaRepublicanDoug Burgum
50%
MontanaRepublicanGreg Gianforte
50%
ColoradoDemocraticJared Polis
50%
LouisianaRepublicanJeff Landry
50%
HawaiiDemocraticJosh Green
50%
ArizonaDemocraticKatie Hobbs
50%
IowaRepublicanKim Reynolds
50%
KansasDemocraticLaura Kelly
50%
New MexicoDemocraticMichelle Lujan Grisham
50%
AlaskaRepublicanMike Dunleavy
50%
New JerseyDemocraticPhil Murphy
50%
MississippiRepublicanTate Reeves
50%
South CarolinaRepublicanHenry McMaster
38%
MaineDemocraticJanet Mills
38%
West VirginiaRepublicanJim Justice
38%
OklahomaRepublicanKevin Stitt
38%
MassachusettsDemocraticMaura Healey
38%
MissouriRepublicanMike Parson
38%
North CarolinaDemocraticRoy Cooper
38%
UtahRepublicanSpencer Cox
38%
MinnesotaDemocraticTim Walz
38%
WisconsinDemocraticTony Evers
38%
MarylandDemocraticWes Moore
38%
IdahoRepublicanBrad Little
25%
Rhode IslandDemocraticDan McKee
25%
IndianaRepublicanEric Holcomb
25%
WashingtonDemocraticJay Inslee
25%
NebraskaRepublicanJim Pillen
25%
NevadaRepublicanJoe Lombardo
25%
DelawareDemocraticJohn Carney
25%
WyomingRepublicanMark Gordon
25%
ConnecticutDemocraticNed Lamont
25%
OregonDemocraticTina Kotek
25%

Score Distribution

Percentile by Number Answered

Percent of People with Each Score

Your Score History

You have not taken this quiz